BPB's golden solutions structured system analysis and design : (Record no. 77537)

MARC details
000 -LEADER
fixed length control field 00714nam a22002057a 4500
005 - DATE AND TIME OF LATEST TRANSACTION
control field 20131011130215.0
010 ## - LCCN (DPL NO)
LC control number ENG-107999
020 ## - INTERNATIONAL STANDARD BOOK NUMBER
Terms of availability 120.00
International Standard Book Number 9788183334938
035 ## - SYSTEM CONTROL NUMBER
System control number EN-91532
037 ## - SOURCE OF ACQUISITION
Source of stock number/acquisition DBAD/PUB
082 ## - DEWEY DECIMAL CLASSIFICATION NUMBER
Classification number 005.113
100 ## - MAIN ENTRY--PERSONAL NAME
Personal name Jain, Satish
245 00 - TITLE STATEMENT
Title BPB's golden solutions structured system analysis and design :
Statement of responsibility, etc by Satish Jain, Shashi Singh [and] Akanksha
Remainder of title based on NIELIT (DOEACC) 'A' , 'B' level revised syllabus of year 2010 /
260 ## - PUBLICATION, DISTRIBUTION, ETC. (IMPRINT)
Place of publication, distribution, etc New Delhi
Name of publisher, distributor, etc BPB Publications
Date of publication, distribution, etc 2013
270 ## - ADDRESS
Address B-14, Connaught Place,
City New Delhi
Postal code 110001
300 ## - PHYSICAL DESCRIPTION
Extent v,127p. :
Dimensions 25cm(pbk)
Other physical details ill.
700 ## - ADDED ENTRY--PERSONAL NAME
Personal name Shashi Singh
700 ## - ADDED ENTRY--PERSONAL NAME
Personal name Akanksha
942 ## - ADDED ENTRY ELEMENTS (KOHA)
Source of classification or shelving scheme Dewey Decimal Classification
Item type English Books
Call number suffix JAI
Classification part 005.113
Holdings
Withdrawn status Lost status Not for loan Collection code Home library Current library Date acquired Source of acquisition Cost, normal purchase price Full call number Barcode Copy number Cost, replacement price Koha item type
    Not For Loan Non-fiction D.B.Act.Division D.B.Act.Division 16/07/2013 DBAD/PUB 120.00 005.113 JAI EN-91532 1 120.00 English Books

© Delhi Public Library
Hit Counter
free hit counter